00533cam a2200169ua 45000010005000000080039000050400009000440820013000531000032000662450079000982500009001772600044001863000023002306530027002536530055002807000028003354131111219n ii |||gr||||Z||||||asm cMAIN a891.45131 aParasar, Anubhav,eEditor.,11aMahendra Barthakurar soi dashakar nirbachita golpaced. by Anubhav Parasar a2nd. aGuwahati:bChintamoni Prakashan,c2005. a248p:bill;c23cm. aAssamese short stories aMahendra Barthakurar soi dashakar nirbachita golpa1 aGopal, Jalan,eEditor.,